Введение в теорию колебаний: учебник

Библиографические подробности
Главный автор: Стрелков С. П. Сергей Павлович
Язык:русский
Опубликовано: Москва, Наука, 1964
Предметы:
Формат: Книга
Запись в KOHA:https://koha.lib.tpu.ru/cgi-bin/koha/opac-detail.pl?biblionumber=68165

MARC

LEADER 00000nam0a2200000 4500
001 68165
005 20231101212351.0
035 |a (RuTPU)RU\TPU\book\72564 
090 |a 68165 
100 |a 20040930d1964 m y0rusy50 ca 
101 0 |a rus 
102 |a RU 
105 |a a j 001zy 
200 1 |a Введение в теорию колебаний  |e учебник  |f С. П. Стрелков 
210 |a Москва  |c Наука  |d 1964 
215 |a 344 с.  |c ил. 
320 |a Библиогр.: с. 430. 
320 |a Указатель: с. 431-437. 
606 1 |a Колебания и волны  |2 stltpush  |3 (RuTPU)RU\TPU\subj\51505  |9 70083 
610 1 |a теория 
610 1 |a линейные системы 
610 1 |a вынужденные колебания 
610 1 |a радиотехника 
610 1 |a расчеты 
610 1 |a автоколебания 
610 1 |a учебники 
675 |a 534(075.8)  |v 3 
700 1 |a Стрелков  |b С. П.  |g Сергей Павлович 
801 1 |a RU  |b 63413507  |c 20040930  |g PSBO 
801 2 |a RU  |b 63413507  |c 20190508  |g PSBO 
942 |c BK